000 01607nam a2200205Ia 4500
003 Ost
005 20260507075044.0
008 260507s9999||||xx |||||||||||||| ||und||
040 _cfsecg
041 _aara
082 _a330
100 _aنور، أحمد محمود
_eمؤلف
245 0 _aمبادئ المحاسبة المالية /
_c أحمد محمود نور
260 _aالاسكندرية:
_bالدار الجامعية,
_c2003
300 _a819 صفحة؛
_bإيضاحات ؛
_c24 سم
520 _a.في تعريف المحاسبة وتحديد أهدافها ووظائفها واطارها الفكري مع ربطها بمعايير المحاسبة المصرية والدولية، في التسجيل المحاسبي لعمليات المشروع واستكمال الدورة المحاسبية مع ربطها بمعايير المحاسبة المصرية والدولية، في المعالجة المحاسبية للعمليات اليومية للمشروع مع ربطها بمعايير المحاسبة المصرية والدولية، استكمال الدورة المحاسبية واعداد القوائم المالية في المنشآت التجارية والصناعية مع ربطها بمعايير المحاسبة المصرية والدولية، المشاكل المحاسبية المتعلقة بالتحقق من الأصول والخصوم والافصاح عنها مع ربطها بمعايير المحاسبة المصرية والدولية
653 _aالادارة المالية
653 _aالمحاسبة
942 _cكتاب
999 _c42549
_d42549